000 01073cai a22002055a 4500
001 L146434
008 090121u xxk f a000 0 eng d
035 _a(Sirsi) u146434
041 0 _aeng
110 2 _aHomes and Communities Agency
_95688
245 0 0 _aHomes & Communities Agency
_h[electronic resource]
520 _aOfficial website for the national housing and regeneration agency brought into being by the Housing and Regeneration Act 2008. Provides access to a range of resources, news articles and sections on buying or renting a home, affordable housing and the Homes and Communities Academy, a learning organisation responsible for developing the skills of those responsible for developing and maintaining communities.
590 _aKA
650 2 4 _aHOUSING AND REGENERATION ACT 2008
651 4 _aEngland and Wales
_y1543-
690 _aResidential property
_96266
690 _aPROPERTY-PROPERTY MANAGEMENT-REGENERATION
856 4 0 _uhttps://www.homesandcommunities.co.uk/
_zView the website free of charge at www.homesandcommunities.co.uk...
942 _n0
999 _c120758
_d120758